Technická heterogenní katalýza Určeno pro posl. fak. chem. technologie
Saved in:
| Main Author: | |
|---|---|
| Format: | Book |
| Language: | Czech |
| Published: |
Praha
SNTL
1975
|
| Edition: | 2., nezm. vyd. |
| Subjects: | |
| Online Access: | View in OPAC |
| Tags: |
No Tags, Be the first to tag this record!
|
MARC
| LEADER | 00000nam a2200000 a 4500 | ||
|---|---|---|---|
| 005 | 20260127134324.0 | ||
| 008 | 070615 1976 xr 000 0 cze d | ||
| 035 | |a vtls008999365 | ||
| 039 | 9 | |y 200706151127 |z mschk03 | |
| 040 | |a STUSCHK1 |b slo |c STUSCHK1 |e AACR2 | ||
| 080 | |a 66.097.1(075.8) | ||
| 100 | 1 | |a Horák, Josef, |d 1934- |9 1093 | |
| 245 | 1 | |a Technická heterogenní katalýza |b Určeno pro posl. fak. chem. technologie |c Josef Horák | |
| 250 | |a 2., nezm. vyd. | ||
| 260 | |a Praha |b SNTL |c 1975 | ||
| 300 | |a 221 s. |b il. |c 30 cm | ||
| 650 | 0 | |a katalýza heterogenní |z učebnica vysokoškol. | |
| 910 | |a SCHK95 | ||
| 999 | |c 9767 |d 9767 | ||